25 Earliest Countries to Recognize Kosovo - Statistics

General Stats
  • This quiz has been taken 33 times
  • The average score is 18 of 25
Answer Stats
Date Obscure Hint Country % Correct
February 18, 2008 Vietnamese takes the 5th spot formost spoken languages in this country. United States
97%
February 18, 2008 In the entirety of this country's capital,there is one single stop sign. France
94%
February 18, 2008 Golf was invented in this country. United Kingdom
91%
February 18, 2008 Less than half of people with this country'snationality lives in this country. Albania
88%
March 4, 2008 Is the fifth largest country in Europe. Sweden
88%
February 18, 2008 Changed its official name on December 30,2021 to avoid confusion with a different English word Turkey
88%
February 20, 2008 You'll find a castle here about every 2.5 km Germany
84%
February 26, 2008 Has the world's biggest castle. Poland
84%
February 19, 2008 Only country in the world to have more venomous snakes than non-venomous ones Australia
81%
February 24, 2008 The Big Bang Theory originated in thiscountry Belgium
81%
February 29, 2008 The mainland of this country is on an islandwith the same name as the country. Ireland
81%
February 21, 2008 Single-handedly landlocks two countries. Italy
81%
February 21, 2008 Has the highest minimum wage in the EU. Luxembourg
81%
March 4, 2008 Almost a third of this country is below sea level The Netherlands
81%
February 27, 2008 The baguette originated here. Austria
75%
February 21, 2008 Google Maps was invented in this country. Denmark
75%
February 21, 2008 Here, wife-carrying is considered a sport. Estonia
75%
February 20, 2008 Around 0.14% of this country's rivers arelonger than 100 km Latvia
72%
February 27, 2008 Has no official capital, its de facto capital isthe only capital of this country Switzerland
72%
March 5, 2008 This country is the European country with thelongest workweek: 45 hours Iceland
69%
March 5, 2008 Has Europe's third shortest coastline Slovenia
69%
February 18, 2008 Has been in the news more than any other country in the last decade Afghanistan
50%
February 19, 2008 Holds 4th spot for most UNESCO World Heritage Sites in Africa. Senegal
31%
February 17, 2008 Has the highest rural literacy rate of any country Costa Rica
25%
February 22, 2008 The government of this country banned chilisauce for prisoners in 1973 claiming it increased sexual arousal. Peru
25%
No matching quizzes found
Score Distribution
Percent of People with Each Score
Percentile by Number Answered
Your Score History
You have not taken this quiz